Fire behaviour and the residual mechanical properties of structural concrete (Record no. 122300)

MARC details
000 -LEADER
fixed length control field 03169nam a22005058i 4500
001 - CONTROL NUMBER
control field BDZ0054187357
003 - CONTROL NUMBER IDENTIFIER
control field StDuBDS
005 - DATE AND TIME OF LATEST TRANSACTION
control field 20260310112518.0
006 - FIXED-LENGTH DATA ELEMENTS--ADDITIONAL MATERIAL CHARACTERISTICS
fixed length control field m|||||o||d||||||||
007 - PHYSICAL DESCRIPTION FIXED FIELD--GENERAL INFORMATION
fixed length control field cr |||||||||||
008 - FIXED-LENGTH DATA ELEMENTS--GENERAL INFORMATION
fixed length control field 251001s2025 enk fo 000|0 eng|d
020 ## - INTERNATIONAL STANDARD BOOK NUMBER
International Standard Book Number 9780443273612 (ePub ebook) :
Terms of availability 130.00
040 ## - CATALOGING SOURCE
Original cataloging agency StDuBDS
Language of cataloging eng
Description conventions rda
-- pn
Transcribing agency StDuBDS
Modifying agency StDuBDSZ
050 #4 - LIBRARY OF CONGRESS CALL NUMBER
Classification number TA445
Item number .N2 2025
072 #7 - SUBJECT CATEGORY CODE
Subject category code TEC
Source ukslc
072 #7 - SUBJECT CATEGORY CODE
Subject category code TG
Source bicssc
072 #7 - SUBJECT CATEGORY CODE
Subject category code TNK
Source bicssc
072 #7 - SUBJECT CATEGORY CODE
Subject category code TG
Source thema
072 #7 - SUBJECT CATEGORY CODE
Subject category code TNK
Source thema
072 #7 - SUBJECT CATEGORY CODE
Subject category code KNJ
Source thema
082 04 - DEWEY DECIMAL CLASSIFICATION NUMBER
Classification number 620.137
Edition number 23
100 1# - MAIN ENTRY--PERSONAL NAME
Personal name N., Anand,
Relator term author.
245 10 - TITLE STATEMENT
Title Fire behaviour and the residual mechanical properties of structural concrete
Medium [electronic resource] /
Statement of responsibility, etc. Anand N, Balamurali Kanagaraj, Diana Andrushia.
263 ## - PROJECTED PUBLICATION DATE
Projected publication date 202512
264 #1 - PRODUCTION, PUBLICATION, DISTRIBUTION, MANUFACTURE, AND COPYRIGHT NOTICE
Place of production, publication, distribution, manufacture Oxford :
Name of producer, publisher, distributor, manufacturer Woodhead Publishing,
Date of production, publication, distribution, manufacture, or copyright notice 2025.
300 ## - PHYSICAL DESCRIPTION
Extent 1 online resource (260 pages).
336 ## - CONTENT TYPE
Content type term text
Source rdacontent
337 ## - MEDIA TYPE
Media type term computer
Source rdamedia
338 ## - CARRIER TYPE
Carrier type term online resource
Source rdacarrier
366 ## - TRADE AVAILABILITY INFORMATION
Detailed date of publication 20251204
Availability status code Available
490 1# - SERIES STATEMENT
Series statement Woodhead Publishing series in civil and structural engineering
505 0# - FORMATTED CONTENTS NOTE
Formatted contents note 1. Introduction2. Fire behaviour of structural concrete3. Residual mechanical properties of traditional concrete4. Residual mechanical properties of fibre-reinforced concrete5. Residual mechanical properties of self-compacting concrete6. Residual mechanical properties of geopolymer concrete7. Microstructure analysis of fire-exposed concrete8. Passive fire protection techniques9. Soft computing techniques for concrete crack detection10. Recommendations and scope for future studies
520 8# - SUMMARY, ETC.
Summary, etc. Fire Behaviour and the Residual Mechanical Properties of Structural Concrete helps readers understand these processes, enabling engineers and researchers to develop effective fire protection measures and design guidelines for concrete structures. Studying the behavior of concrete under fire is crucial for understanding the performance and safety of concrete structures in fire conditions. Concrete is widely used in the construction industry due to its strength, durability, and fire resistance properties. However, even though concrete is inherently fire-resistant, it can still be affected by high temperatures.When concrete is exposed to fire, several physical and chemical processes take place that can lead to its deterioration and eventual failure. This book helps readers understand these processes, enabling engineers and researchers to develop effective fire protection measures and design guidelines for concrete structures.
588 ## - SOURCE OF DESCRIPTION NOTE
Source of description note Description based on CIP data; resource not viewed.
650 #0 - SUBJECT ADDED ENTRY--TOPICAL TERM
Topical term or geographic name entry element CONCRETE
650 #0 - SUBJECT ADDED ENTRY--TOPICAL TERM
Topical term or geographic name entry element EBOOK
650 #0 - SUBJECT ADDED ENTRY--TOPICAL TERM
Topical term or geographic name entry element FIRE SAFETY
690 ## - LOCAL SUBJECT ADDED ENTRY--TOPICAL TERM (OCLC, RLIN)
Topical term or geographic name as entry element Building control
9 (RLIN) 6222
700 1# - ADDED ENTRY--PERSONAL NAME
Personal name Kanagaraj, Balamurali,
Relator term author.
700 1# - ADDED ENTRY--PERSONAL NAME
Personal name Andrushia, A. Diana,
Relator term author.
776 08 - ADDITIONAL PHYSICAL FORM ENTRY
Relationship information Print version :
International Standard Book Number 9780443273605
830 #0 - SERIES ADDED ENTRY--UNIFORM TITLE
Uniform title Woodhead Publishing series in civil and structural engineering.
856 40 - ELECTRONIC LOCATION AND ACCESS
Uniform Resource Identifier <a href="https://www.vlebooks.com/product/openreader?id=RICS&accId=9491556&isbn=9780443273612">https://www.vlebooks.com/product/openreader?id=RICS&accId=9491556&isbn=9780443273612</a>
Public note Available via Vlebooks (email [email protected] for access)
942 ## - ADDED ENTRY ELEMENTS (KOHA)
Source of classification or shelving scheme Dewey Decimal Classification
Holdings
Withdrawn status Lost status Damaged status Not for loan Home library Current library Shelving location Date acquired Total Checkouts Full call number Date last seen Price effective from Koha item type
        Virtual Virtual Online 10/03/2026   EBOOK 10/03/2026 10/03/2026 Book